| 000 | 00338nam a2200133Ia 4500 | ||
|---|---|---|---|
| 005 | 20260328101511.0 | ||
| 008 | 260328s9999||||xx |||||||||||||| ||und|| | ||
| 100 | _aCroizé, A. | ||
| 245 | 0 |
_aSaint dizier le neuf : _b Naissance d' une ville / _cA. Croizé |
|
| 260 | _bDelpire | ||
| 300 | _a72 p. | ||
| 650 | _aDISEÑO URBANO | ||
| 942 | _cBK | ||
| 999 |
_c9219 _d9219 |
||